|
|
|
|
| LEADER |
00686nab a2200193 i 4500 |
| 001 |
acta15499 |
| 005 |
20210326145710.0 |
| 008 |
161015s1994 hu o 0|| eng d |
| 022 |
|
|
|a 0001-6969
|
| 040 |
|
|
|a SZTE Egyetemi Kiadványok Repozitórium
|b hun
|
| 041 |
|
|
|a eng
|
| 100 |
1 |
|
|a Giang Dăng Vũ
|
| 245 |
1 |
4 |
|a The Cesàro operator on the Banach algebra L(R2) multipliers. II (Even case)
|h [elektronikus dokumentum] /
|c Giang Dăng Vũ
|
| 260 |
|
|
|c 1994
|
| 300 |
|
|
|a 625-655
|
| 490 |
0 |
|
|a Acta scientiarum mathematicarum
|v 59 No. 3-4
|
| 695 |
|
|
|a Matematika
|
| 700 |
0 |
1 |
|a Móricz Ferenc
|e aut
|
| 856 |
4 |
0 |
|u http://acta.bibl.u-szeged.hu/15499/1/math_059_numb_003_004_625-655.pdf
|z Dokumentum-elérés
|